[Event "EYCC Girls U16 2021"]
[Site "Tornelo"]
[Date "2021.10.15"]
[Round "5.7"]
[White "Pipiras, Filipa Fortuna"]
[Black "Shuqja, Klean"]
[Result "0-1"]
[WhiteElo "1995"]
[BlackElo "1877"]
[Annotator "TA"]
[PlyCount "128"]
[EventDate "2021.10.15"]
[EventType "swiss"]
[EventCountry "NET"]
[SourceTitle "playchess.com"]
[Source "ChessBase"]
[SourceQuality "1"]

{[%evp 19,128,58,57,53,66,63,55,11,59,43,54,47,44,46,54,43,54,56,93,75,72,64,95,92,105,84,95,61,66,-103,-103,-113,-104,-99,-90,-91,-89,-134,-112,-281,-108,-531,-505,-497,-497,-934,-930,-922,-581,-730,0,-898,-878,-861,-804,-1041,-677,-677,-637,-689,-681,-683,-661,-759,-753,-677,-658,-652,-659,-665,-644,-879,-876,-1695,-854,-2104,-2000,-2945,-812,-29968,-10670,-29984,-29985,-29984,-29985,-29986,-29987,-29985,-29986,-29988,-29989,-29990,-29989,-29992,-29984,-29985,-29986,-29988,-29988,-29990,-29991,-29992,-29993,-29993,-29993,-29993,-29993,-29993,-29994,-29994,-29995]} 1. d4 Nf6 2. c4 e6 3. Nc3 Bb4 4. e3 b6 5. Nge2 Bb7 6. a3 Bxc3+ 7. Nxc3 d6 8. Bd3 Nbd7 9. O-O O-O 10. b4 c5 11. Qe2 {E44: Nimzo-Indian: Rubinstein: 4...b6 5 Ne2.} Qe7 {[#]} 12. f3 $146 ({Predecessor:} 12. bxc5 bxc5 13. f3 Rab8 14. a4 Rfc8 15. Ba3 a6 16. Rab1 Ba8 17. Rfd1 Qd8 18. Rxb8 Rxb8 {½-½ (46) Gordon,S (1968)-Milligan,H (2130) Birmingham 2002}) 12... Rfd8 13. Rd1 {White is slightly better.} Rac8 14. Bb2 Nf8 15. dxc5 dxc5 16. b5 Ng6 17. a4 {[%cal Ba3a4,Ba4a5][%mdl 32]} Ne5 18. Bc2 Rxd1+ 19. Rxd1 Rd8 20. a5 Rxd1+ 21. Nxd1 Nfd7 22. f4 {Hoping for a6.} Ng6 {[%cal Be5g6,Bg6h4,Bh4f3][%mdl 32]} 23. Qd2 Nh4 24. Qd3 $2 (24. e4 $1 $14 {stays ahead.}) 24... f5 $17 {Black continues to play with concentration.} 25. axb6 axb6 26. g3 Nf3+ 27. Kf2 Nxh2 28. Nc3 Ng4+ 29. Kg1 $2 {[#]} (29. Ke1 $17 {is a better defense.}) 29... Qe8 $2 (29... h5 $1 $19 {[%cal Rh5h4] and Black stays clearly on top. White must now prevent ...h4.} 30. Bd1 Ndf6) 30. e4 $2 {[%mdl 8192] [#]} (30. Bd1 $17) 30... Qh5 $1 $19 {( -> ...Qh2+)} 31. Qd2 {[#]} (31. Qe2 Qh3) 31... Qh3 $1 32. Nd1 (32. Qg2 $142 Qxg2+ 33. Kxg2 Ne3+ {[%mdl 64] Double Attack} 34. Kf2 Nxc2 35. exf5 exf5 36. Nd1) 32... Qxg3+ 33. Qg2 Qe1+ 34. Qf1 Qg3+ 35. Qg2 Qxf4 36. Nf2 Qe3 37. Kf1 Qxf2+ 38. Qxf2 Nxf2 39. exf5 Ne4 40. fxe6 Ndf6 41. Ke2 Kf8 42. Be5 Ke7 43. Bc7 Kxe6 44. Bxb6 g5 45. Bc7 h5 46. Ke3 Nd6 47. Bd3 Ng4+ 48. Ke2 Ne5 49. Bb6 Nxd3 50. Kxd3 Ne4 {Black mates.} 51. Ke3 Kf5 52. Kf3 h4 53. Kg2 Kf4 54. Bc7+ Ke3 55. Kh3 Bc8+ 56. Kh2 Kd4 57. Kg2 g4 58. b6 Kxc4 59. Bd8 h3+ 60. Kh2 g3+ 61. Kg1 h2+ 62. Kg2 Bb7 63. Bc7 Nd2+ 64. Kxg3 h1=Q {Weighted Error Value: White=0.86/Black=0.51} 0-1

[Event "EYCC Girls U16 2021"]
[Site "Tornelo"]
[Date "2021.10.15"]
[Round "5.8"]
[White "Perez Garcia, Jimena"]
[Black "Dereka, Konstantina"]
[Result "1-0"]
[WhiteElo "1914"]
[BlackElo "1479"]
[Annotator "TA"]
[PlyCount "47"]
[EventDate "2021.10.15"]
[EventType "swiss"]
[EventCountry "NET"]
[SourceTitle "playchess.com"]
[Source "ChessBase"]
[SourceQuality "1"]

{[%evp 21,47,19,39,2,8,17,36,26,37,12,19,42,263,222,233,158,203,193,609,527,584,588,498,250,3067,2975,29997,29998]} 1. d4 Nf6 2. c4 g6 3. Nc3 d5 4. cxd5 Nxd5 5. e4 Nxc3 6. bxc3 Bg7 7. Bc4 c5 8. Ne2 O-O 9. O-O Nc6 10. Be3 Qc7 {10...Bg4 is setting a new trend.} 11. Rc1 Rd8 12. h4 {D87: Exchange Grünfeld: Classical Line: Variations without ...cxd4.} b6 13. h5 Na5 14. Bd3 {White is slightly better.} Bb7 {[#]} 15. h6 $146 ({Predecessor:} 15. hxg6 hxg6 16. f3 Rac8 17. Qd2 Nc6 18. d5 Ne5 19. c4 e6 20. Bf4 Qd7 21. Nc3 {0-1 (37) Tarasova,V (2226)-Nguyen,H (1993) Chess.com INT 2021}) 15... Bh8 16. f4 e5 $2 ({Better is} 16... e6 $14) 17. fxe5 $18 Bxe5 18. Qe1 Qe7 19. Qf2 Rd6 $2 (19... Bh8 20. Bg5 {[%mdl 64] Skewer} f6) 20. dxe5 Rxd3 {[#]} 21. Bg5 $1 {[%cal Rg5e7][%mdl 512]} Qf8 22. Qf6 (22. Qh4 $142 {Be7 is the strong threat.} Rd7 23. e6) 22... Bxe4 $2 (22... Re8) 23. e6 {[%cal Re6f7]} Bf5 24. e7 {Black did not feel at home in the position after the opening.  Weighted Error Value: White=0.49/Black=1.23} 1-0

[Event "EYCC Girls U16 2021"]
[Site "Tornelo"]
[Date "2021.10.15"]
[Round "5.9"]
[White "Shpakivskaya, Alina"]
[Black "Jovanovic, Anja"]
[Result "1-0"]
[WhiteElo "1875"]
[BlackElo "1781"]
[Annotator "NA RC"]
[PlyCount "135"]
[EventDate "2021.10.15"]
[EventType "swiss"]
[EventCountry "NET"]
[SourceTitle "playchess.com"]
[Source "ChessBase"]
[SourceQuality "1"]
[TimeControl "5400+30"]

1. e4 {[%emt 0:00:30]} e5 {[%emt 0:00:43]} 2. Nf3 {[%emt 0:00:07]} Nc6 {[%emt 0:00:08]} 3. d4 {[%emt 0:00:05]} exd4 {[%emt 0:00:48]} 4. Nxd4 {[%emt 0:00:06]} Bc5 {[%emt 0:01:12]} 5. Nb3 {[%emt 0:00:24]} Bb6 {[%emt 0:02:32]} 6. Qe2 {[%emt 0:02:13]} d6 {[%emt 0:07:33]} 7. Be3 {[%emt 0:02:07]} Nf6 {[%emt 0:02:48]} 8. Nc3 {[%emt 0:01:14]} Be6 {[%emt 0:05:51]} 9. O-O-O {[%emt 0:04:33]} Qe7 {[%emt 0:04:54]} 10. f3 {[%emt 0:05:06]} Ne5 {[%emt 0:11:07]} 11. Nd4 {[%emt 0:10:33]} O-O {[%emt 0:17:02]} 12. Kb1 {[%emt 0:11:37]} Ba5 {[%emt 0:05:39]} 13. Qe1 {[%emt 0:09:27]} c6 {[%emt 0:08:49]} 14. Bg5 {[%emt 0:05:34]} Bxc3 {[%emt 0:03:14]} 15. Qxc3 $16 {[%emt 0:01:48]} Rfe8 {[%emt 0:05:43]} 16. h4 {[%emt 0:09:26]} h6 {[%emt 0:01:15]} 17. Bf4 {[%emt 0:02:11]} Ng6 {[%emt 0:04:05]} 18. Nxe6 {[%emt 0:08:01]} fxe6 {[%emt 0:06:45]} 19. Bxd6 {[%emt 0:03:04]} Qd7 {[%emt 0:02:16]} 20. Bc4 {[%emt 0:06:03]} Rad8 {[%emt 0:01:46]} 21. a3 {[%emt 0:01:02]} Nd5 {[%emt 0:01:43]} 22. Bxd5 {[%emt 0:03:22]} Qxd6 {[%emt 0:00:19]} 23. Bc4 {[%emt 0:01:52]} Qxd1+ {[%emt 0:00:10]} 24. Rxd1 {[%emt 0:00:05]} Rxd1+ {[%emt 0:00:02]} 25. Ka2 {[%emt 0:00:04]} Nxh4 {[%emt 0:00:54]} 26. Qb3 {[%emt 0:00:46]} b6 {[%emt 0:01:49]} 27. Bxe6+ {[%emt 0:00:11]} Kh8 {[%emt 0:00:26]} 28. g3 {[%emt 0:00:48]} Ng2 {[%emt 0:00:38]} 29. Bf5 {[%emt 0:03:18]} Re7 {[%emt 0:00:56]} 30. f4 {[%emt 0:01:00]} Ne1 {[%emt 0:00:53]} 31. Qc3 {[%emt 0:00:58]} c5 {[%emt 0:01:07]} 32. Bg4 {[%emt 0:00:28]} Rd4 {[%emt 0:00:42]} 33. Qxe1 {[%emt 0:00:51]} Rdxe4 {[%emt 0:00:07]} 34. Qc3 {[%emt 0:00:31]} Re3 {[%emt 0:00:24]} 35. Qd2 {[%emt 0:00:14]} Kh7 {[%emt 0:00:58]} 36. Qd6 {[%emt 0:00:54]} g6 {[%emt 0:01:57]} 37. f5 {[%emt 0:00:25]} gxf5 {[%emt 0:00:51]} 38. Bxf5+ {[%emt 0:00:06]} Kg8 {[%emt 0:00:16]} 39. Qg6+ {[%emt 0:00:31]} Rg7 {[%emt 0:00:07]} 40. Be6+ {[%emt 0:00:22]} Rxe6 {[%emt 0:00:47]} 41. Qxe6+ {[%emt 0:00:04]} Kh7 {[%emt 0:00:03]} 42. Qf5+ {[%emt 0:00:19]} Kg8 {[%emt 0:00:21]} 43. g4 {[%emt 0:00:03]} Kh8 {[%emt 0:00:31]} 44. a4 {[%emt 0:00:03]} Rg5 {[%emt 0:01:11]} 45. Qf8+ {[%emt 0:00:16]} Kh7 {[%emt 0:00:05]} 46. Qf7+ {[%emt 0:00:06]} Rg7 {[%emt 0:00:03]} 47. Qf5+ {[%emt 0:00:03]} Kh8 {[%emt 0:01:08]} 48. Kb3 {[%emt 0:00:13]} Rg5 {[%emt 0:00:37]} 49. Qf8+ {[%emt 0:00:05]} Kh7 {[%emt 0:00:04]} 50. Qf7+ {[%emt 0:00:03]} Rg7 {[%emt 0:00:03]} 51. Qf5+ {[%emt 0:00:02]} Kh8 {[%emt 0:00:05]} 52. a5 {[%emt 0:01:08]} Rg5 {[%emt 0:01:11]} 53. Qf8+ {[%emt 0:00:03]} Kh7 {[%emt 0:00:03]} 54. Qe7+ {[%emt 0:00:17]} Rg7 {[%emt 0:00:04]} 55. Qe4+ {[%emt 0:00:03]} Kh8 {[%emt 0:00:29]} 56. Ka4 {[%emt 0:00:13]} bxa5 {[%emt 0:00:55]} 57. Kxa5 {[%emt 0:00:16]} Rg5 {[%emt 0:01:15]} 58. Ka6 {[%emt 0:00:54]} Rg7 {[%emt 0:00:13]} 59. Qe5 {[%emt 0:01:42]} Kh7 {[%emt 0:00:11]} 60. Qf5+ {[%emt 0:00:27]} Kh8 {[%emt 0:00:09]} 61. Qxc5 {[%emt 0:00:09]} Rxg4 {[%emt 0:00:07]} 62. Qf8+ {[%emt 0:00:08]} Kh7 {[%emt 0:00:11]} 63. Qf5+ {[%emt 0:00:10]} Rg6+ {[%emt 0:00:03]} 64. Kxa7 {[%emt 0:00:03]} Kg7 {[%emt 0:00:05]} 65. b4 {[%emt 0:00:19]} Rg5 {[%emt 0:00:03]} 66. Qd7+ {[%emt 0:00:14]} Kf6 {[%emt 0:00:13]} 67. Qc6+ {[%emt 0:00:08]} Kg7 {[%emt 0:00:05]} 68. b5 {[%emt 0:00:05]} 1-0

[Event "EYCC Girls U16 2021"]
[Site "Tornelo"]
[Date "2021.10.15"]
[Round "5.10"]
[White "Egger, Stefanie"]
[Black "Lomaia, Diana"]
[Result "0-1"]
[WhiteElo "1627"]
[BlackElo "2111"]
[Annotator "TA"]
[PlyCount "96"]
[EventDate "2021.10.15"]
[EventType "swiss"]
[EventCountry "NET"]
[SourceTitle "playchess.com"]
[Source "ChessBase"]
[SourceQuality "1"]

{[%evp 21,96,12,25,-25,-20,-43,-40,-28,-17,-27,-16,-22,-7,0,0,0,41,48,45,55,32,10,21,16,10,0,0,0,0,-3,0,-11,-7,-15,-22,-20,-20,-44,-39,-65,-68,-72,-63,-128,-105,-111,-129,-156,-154,-159,-127,-138,-114,-187,-174,-252,-244,-379,-376,-360,-333,-554,-593,-603,-602,-868,-849,-816,-534,-29989,-29990,-29990,-29991,-29997,-29998,-29998,-29998]} 1. d4 d5 2. c4 dxc4 3. e3 Nf6 4. Bxc4 e6 5. Nf3 c5 6. O-O a6 7. a4 Nc6 8. Nc3 Qc7 9. Qe2 Bd6 10. h3 O-O 11. Rd1 b6 12. e4 {[#] And now e5 would win. D27: Queen's Gambit Accepted: Classical main line: 7 e4!? and 7 a4.} cxd4 13. Nxd4 Nxd4 14. Rxd4 {Black is slightly better.} Be5 15. Rd1 Bb7 {[#]} 16. Bd2 $146 ({Predecessor:} 16. Bd3 Rfd8 17. Be3 Bf4 18. Bxf4 Qxf4 19. e5 Qg5 20. f4 Qxf4 21. exf6 Qxf6 22. Be4 Bxe4 23. Qxe4 {1-0 (44) Semenenko,D (2422)-Haitin,I (2524) Chess.com INT 2019}) 16... Bxc3 17. Bxc3 Nxe4 18. Bd4 e5 (18... Rfd8 {keeps more tension.} 19. b3 Rd7 20. Qe3 Rad8 21. Bf1 Nc5) 19. Be3 {[%mdl 1024] White has compensation.} a5 20. Rac1 Nc5 21. Bb5 Rfd8 22. Re1 e4 23. Qg4 Qe7 24. Bg5 f6 25. Be3 Kh8 26. Rc3 Rac8 27. Rec1 Qf8 28. Qh5 Rd5 29. Qe2 f5 30. Bc4 Rd6 31. Bf4 Rg6 ({Much worse is} 31... Nxa4 32. Ra3 $11) 32. Qe3 {White is on the road to losing.} (32. Bb5 $15) 32... Nxa4 $17 33. R3c2 Nc5 34. g3 h6 35. h4 Qe8 36. Be2 Rf6 37. Rd1 (37. Rd2 $17) 37... Bc6 $19 38. b3 (38. Rcc1 $142) 38... Bb5 39. Bc4 (39. Bxb5 $142 Qxb5 40. Rd5) 39... Bxc4 40. Rxc4 Nd3 41. Rd2 $2 (41. Rd4) 41... Rxc4 42. bxc4 {aiming for Rxd3.} Qc6 43. Qd4 Nxf4 44. gxf4 Rg6+ 45. Kh2 e3 {Black mates.} 46. fxe3 Qf3 47. e4 Qg3+ {[%mdl 64] [#] Double Attack} 48. Kh1 Qh3+ {Weighted Error Value: White=0.53/Black=0.12} 0-1

[Event "EYCC Girls U16 2021"]
[Site "Tornelo"]
[Date "2021.10.15"]
[Round "5.11"]
[White "Hakobyan, Astghik"]
[Black "Mroz, Lena"]
[Result "1-0"]
[WhiteElo "2017"]
[BlackElo "1775"]
[Annotator "TA"]
[PlyCount "75"]
[EventDate "2021.10.15"]
[EventType "swiss"]
[EventCountry "NET"]
[SourceTitle "playchess.com"]
[Source "ChessBase"]
[SourceQuality "1"]

{[%evp 10,75,2,7,36,20,58,50,55,45,65,59,70,60,68,62,49,56,59,45,38,53,89,42,106,90,122,114,114,117,116,107,176,169,173,173,171,166,189,183,183,173,199,168,247,243,414,329,732,727,793,761,951,931,958,933,1180,1172,5457,1354,1354,1350,1194,891,873,870,852,844]} 1. e4 c5 2. Nf3 d6 3. Nc3 Nf6 4. e5 dxe5 5. Nxe5 a6 6. a4 Nbd7 {B50: Sicilian: 2...d6, Miscellaneous.} (6... Qc7 {seems wilder.} 7. d4 e6 8. Be3 Nbd7 9. Nc4 Nb6) 7. Nc4 b6 {[#] now supersedes 7...Nb6.} 8. Qf3 $146 ({Predecessor:} 8. Be2 Bb7 9. Bf3 Bxf3 10. Qxf3 e6 11. g4 h6 12. d3 Ra7 13. Bf4 Qa8 14. Qxa8+ Rxa8 {½-½ (49) Sadikhov,U (2490)-Shevchenko,K (2592) Chess.com INT 2020}) 8... Rb8 {White is slightly better.} 9. d3 Bb7 10. Qg3 g6 11. Be2 Bg7 12. O-O O-O 13. Bf4 Rc8 14. Bf3 Bxf3 15. Qxf3 Re8 16. Rfe1 Nf8 {Black is now going downhill.} (16... Nh5 $14) 17. Qb7 N6d7 18. Bg5 Ne6 {[#]} 19. Rxe6 {[%mdl 512]} fxe6 {[#]} 20. Nd6 $1 {[%mdl 576] Double Attack, Pin} Bf6 {[#]} (20... c4 $16) 21. Bxf6 $1 $18 (21. Qxc8 exd6 22. Qxd8 Rxd8 $11) (21. Nxc8 Qxc8 22. Qxc8 Rxc8 $11) (21. Nxe8 Bxg5 22. Ne4 h6 $15) 21... exf6 22. Nxe8 ({Of course not} 22. Nxc8 $6 Qxc8 23. Qa7 a5 $11) 22... Qxe8 23. Ne4 {Qxd7! is the strong threat.} Rd8 24. Re1 Qe7 25. Qxa6 f5 26. Nc3 Qf6 (26... Rb8 $142 27. b3 Kf7) 27. a5 {[%cal Ba4a5,Ba5a6,Ba6a7][%mdl 32]} Rb8 $2 (27... Qe7 28. Qc4 (28. axb6 Rb8 $18) 28... bxa5 29. Rxe6 Qf7) 28. Qa7 Qf7 (28... Qd8 29. Rxe6 Ra8) 29. a6 {White is clearly winning.} b5 30. Qc7 Qe8 31. a7 Rc8 32. Qd6 b4 33. Rxe6 Qf7 {[#]} 34. Nd5 (34. Re7 $142 $1 bxc3 35. Qxd7 Qxe7 36. Qxe7 cxb2 37. Qe6+ {[%mdl 64] Double Attack} Kg7 38. Qe5+ {[%mdl 64] Double Attack} Kh6 39. Qxb2) 34... Ra8 35. Ne7+ Kh8 36. Qxd7 Rxa7 37. Qxa7 {Intending Nxf5! and mate.} Qxe6 38. g3 {Weighted Error Value: White=0.13/Black=0.37} 1-0

[Event "EYCC Girls U16 2021"]
[Site "Tornelo"]
[Date "2021.10.15"]
[Round "5.12"]
[White "Tsekoura, Vaia"]
[Black "Batagan, Ilinca-Petra"]
[Result "1/2-1/2"]
[WhiteElo "1591"]
[BlackElo "1977"]
[Annotator "TA"]
[PlyCount "60"]
[EventDate "2021.10.15"]
[EventType "swiss"]
[EventCountry "NET"]
[SourceTitle "playchess.com"]
[Source "ChessBase"]
[SourceQuality "1"]

{[%evp 9,60,22,22,27,27,27,27,17,26,23,32,29,37,34,11,13,31,31,39,36,56,14,39,39,40,30,26,19,27,27,20,17,28,35,45,17,26,0,0,-33,0,0,0,0,0,-35,0,0,5,4,5,6,5]} 1. e4 c5 2. Nf3 d6 3. Bb5+ Bd7 4. Bxd7+ Qxd7 5. c4 g6 6. d4 {B52: Sicilian: Moscow Variation with 3...Bd7.} cxd4 7. Nxd4 Bg7 8. Nc3 {White has an edge.} Nf6 9. f3 O-O 10. Be3 Rc8 11. Qd3 Nc6 12. b3 Qd8 13. O-O a6 14. Rac1 Nd7 {[#]} 15. Nde2 $146 ({Predecessor:} 15. Rfd1 Bxd4 16. Bxd4 Nxd4 17. Qxd4 b5 18. Nd5 bxc4 19. Rxc4 Rxc4 20. Qxc4 Nb6 21. Qc7 Nxd5 22. Qxd8+ Rxd8 23. Rxd5 {½-½ (40) Mamedov,R (2658)-Vachier Lagrave,M (2765) Shamkir 2015}) 15... Nc5 16. Qd2 Nb4 17. Nf4 b5 18. Ncd5 Nxd5 19. Nxd5 e6 20. Nf4 Be5 21. Rfd1 Qe7 22. Ne2 Rab8 23. b4 Na4 24. f4 Bg7 25. cxb5 Rxc1 26. Rxc1 axb5 27. Rc6 Nb2 {[#] And now ...Nc4 would win.} 28. Qxd6 {The position is equal.} Qxd6 29. Rxd6 Bf8 30. Rb6 Rxb6 {Weighted Error Value: White=0.08/Black=0.08} 1/2-1/2

[Event "EYCC Girls U16 2021"]
[Site "Tornelo"]
[Date "2021.10.15"]
[Round "6.1"]
[White "Allahverdiyeva, Ayan"]
[Black "Follana Albelda, Lucia"]
[Result "1-0"]
[WhiteElo "2051"]
[BlackElo "1904"]
[Annotator "TA"]
[PlyCount "55"]
[EventDate "2021.10.15"]
[EventType "swiss"]
[EventCountry "NET"]
[SourceTitle "playchess.com"]
[Source "ChessBase"]
[SourceQuality "1"]

{[%evp 14,55,0,0,12,16,64,56,80,74,81,74,290,286,403,386,476,462,479,477,1282,1272,1389,1341,988,898,893,834,986,978,981,955,956,936,1021,1020,1001,997,985,954,29985,943,902,886]} 1. e4 c5 2. Nf3 d6 3. d4 cxd4 4. Nxd4 Nf6 5. Nc3 a6 6. Bc4 e6 7. Bb3 Nbd7 8. Bg5 h6 {B86: Sicilian Scheveningen/Najdorf: 6 Bc4, without early ...b5.} 9. Bxf6 Nxf6 10. Qe2 Be7 {White is slightly better.} 11. O-O-O {[#]} Bd7 $146 ({Predecessor:} 11... Qa5 12. f4 Qh5 13. Qe3 Qc5 14. Rhe1 O-O 15. Kb1 b5 16. e5 dxe5 17. fxe5 Nh7 {½-½ (28) Bauer,M (2454)-Noble,M (2497) ICCF email 2007}) 12. f4 {And now e5 would win.} Rc8 $2 {[#]} (12... Qb6 $16 {might work better.}) 13. e5 $18 Nh7 (13... O-O $142 14. exf6 Bxf6) 14. f5 {[%cal Rf5e6]} Bg5+ 15. Kb1 exf5 16. e6 Bxe6 (16... O-O $142 17. exd7 Qxd7) 17. Nxe6 fxe6 18. Qxe6+ {[%mdl 64] [#] Double Attack} Be7 19. Qf7+ {[%mdl 64] Double Attack} Kd7 20. Be6+ {[%mdl 64] Double Attack, Skewer} Kc7 21. Nd5+ {[%mdl 64] Double Attack} Kb8 22. Bxc8 ({Not} 22. Nxe7 Rc7 $16) 22... Qxc8 23. Qxe7 Ng5 24. Qxd6+ Ka7 25. Qb6+ Kb8 26. Ne7 Qe6 27. Qxe6 (27. Rd8+ $142 Rxd8 28. Qxd8+ Ka7 29. Nc8+ Kb8 30. Nd6+ Ka7 31. Qc7 Qd5 32. Nc8+ Ka8 33. Nb6+ {[%mdl 64] Double Attack} Ka7 34. Nxd5) 27... Nxe6 28. Nxf5 {Black got outplayed after the opening.  Weighted Error Value: White=0.06/Black=1.31} 1-0

[Event "EYCC Girls U16 2021"]
[Site "Tornelo"]
[Date "2021.10.15"]
[Round "6.2"]
[White "Kara, Gulce Nehir"]
[Black "Kanyamarala, Trisha"]
[Result "0-1"]
[WhiteElo "1766"]
[BlackElo "2082"]
[Annotator "TA"]
[PlyCount "106"]
[EventDate "2021.10.15"]
[EventType "swiss"]
[EventCountry "NET"]
[SourceTitle "playchess.com"]
[Source "ChessBase"]
[SourceQuality "1"]

{[%evp 9,106,10,16,9,9,0,16,0,0,0,16,6,29,25,29,34,47,6,14,-6,22,-43,10,-31,-25,-75,-27,-41,0,-13,0,0,0,-4,-4,0,-6,-53,-54,-100,-46,-49,-41,-63,-68,-74,-68,-166,-169,-172,-170,-172,-172,-175,-170,-181,-158,-167,-115,-154,-128,-229,-233,-224,-173,-183,-179,-269,-266,-260,-248,-284,-243,-218,-210,-227,-225,-290,-298,-435,-414,-430,-420,-489,-427,-535,-195,-197,0,-534,-523,-618,-618,-667,-666,-1034,-1034,-917,-839]} 1. e4 c5 2. Nc3 Nc6 3. Bb5 Nd4 4. Bc4 e6 5. Nge2 Nf6 6. O-O {B23: Closed Sicilian: Lines without g3.} a6 7. a4 d5 8. exd5 {The position is equal.} exd5 9. Ba2 Bd6 {[#] White must now prevent ...Bxh2+!} 10. d3 O-O 11. Nxd4 cxd4 12. Ne2 Qb6 {[#]} 13. a5 $146 ({Predecessor:} 13. Bg5 Bc7 14. a5 Qd6 15. Bf4 Qd8 16. Bxc7 Qxc7 17. Qd2 Ng4 18. Qf4 Qxa5 19. Nxd4 {½-½ (57) Smith,B (2478)-Li,R (2284) Rockville 2014}) 13... Qxa5 14. Nxd4 Qb6 15. Ne2 (15. c3 $11) 15... h6 (15... Re8 $15 16. h3 Bd7) 16. Bb3 Re8 {And now ...Bg4 would win.} 17. d4 Qc7 18. h3 Bf5 19. Nc3 Rad8 20. Qf3 Be4 21. Nxe4 Nxe4 22. Be3 Re6 23. Kh1 Qc6 24. Rac1 b5 (24... Rf6 $17 25. Qg4 Bc7) 25. c3 $15 Rf6 26. Qh5 Bc7 27. Bc2 Qd6 $40 {[%csl Gc7][%cal Rd6h2][%mdl 128] White needs to defend precisely.} 28. g3 {[#]} ({Better is} 28. Qe5 $1 $15) 28... Qxg3 $1 $19 {[%mdl 576] Demolition} 29. fxg3 Nxg3+ {[%mdl 64] Double Attack} 30. Kg2 Nxh5 31. Rxf6 Nxf6 32. Rf1 Re8 33. Kf3 Nd7 ({Black should try} 33... Re6 $19 34. Ra1 Rc6) 34. Ra1 a5 {[%cal Ba6a5,Ba5a4,Ba4b3][%mdl 32]} 35. Bf4 (35. Bd3 $17) 35... Bxf4 36. Kxf4 {[%mdl 4096] Endgame KRB-KRN} a4 37. Bd3 Rb8 38. b3 (38. Ke3 {keeps fighting.}) 38... axb3 39. Rb1 b4 40. c4 dxc4 41. Bxc4 Nf6 42. Rxb3 Kf8 43. d5 Ke7 44. Ke5 (44. d6+ {was necessary.} Kxd6 45. Bxf7) 44... Nd7+ 45. Kd4 Kd6 46. Rg3 g6 47. Rf3 Rf8 (47... f5 {...Ne5 is the strong threat.} 48. Rg3 Ne5) 48. Rb3 Rb8 $2 (48... Ra8 49. Rxb4 Ra3) 49. Rf3 f5 {Black is clearly winning.} 50. Re3 {intending Re6+.} Nc5 51. Rg3 g5 52. h4 g4 53. Rg1 Re8 {[%csl Gc5,Gf5][%cal Re8e4] Weighted Error Value: White=0.34/Black=0.25} 0-1